[Event "otb"]
[Site "otb"]
[Date "2007.04.05"]
[Round "2"]
[White "Hudziak Pawel"]
[Black "Konstacky Matej"]
[Result "1-0"]
[WhiteElo "2201"]
[BlackElo "2012"]
[PlyCount "70"]
[Source "www.chesslib.no"]
[SourceDate "2004.05.04"]

1. c4 e5 2. Nc3 Nf6 3. Nf3 e4 4. Ng5 b5 5. d3 exd3 6. cxb5 h6 7. Nf3 dxe2 8. Bxe2 d5 9. O-O Bc5 10. Nd4 O-O 11. Bf3 Bb6 12. Nb3 Be6 13. a4 a5 14. Nd4 Re8 15. Bf4 Bc8 16. Qd3 Ne4 17. Rae1 f5 18. Bd1 Kh7 19. Be3 g6 20. f3 Nc5 21. Qd2 Ne6 22. Bb3 Bb7 23. Bf2 Bxd4 24. Bxd4 c5 25. bxc6 Nxc6 26. Bf2 Nb4 27. Re5 Nc7 28. Rfe1 Rxe5 29. Rxe5 Nc6 30. Re1 Qd7 31. Nxd5 Nxd5 32. Qxd5 Qg7 33. Qc5 Qxb2 34. Bd5 Qb4 35. Qb5 Nd8 1-0

[Event "It (Men) Budapest HUN"]
[Site "?"]
[Date "2000.??.??"]
[Round "12"]
[White "Vehreschild Axel"]
[Black "Csolig Robert"]
[Result "1/2-1/2"]
[WhiteElo "2100"]
[BlackElo "2100"]
[PlyCount "39"]
[EventDate "2000.??.??"]
[Source "www.chesslib.no"]
[SourceDate "2004.05.04"]

1. c4 e5 2. Nc3 Nf6 3. Nf3 e4 4. Ng5 b5 5. d3 exd3 6. cxb5 h6 7. Nf3 dxe2 8. Bxe2 Bb7 9. O-O Be7 10. Bf4 d6 11. Qc2 O-O 12. Rad1 Nbd7 13. b4 Nb6 14. Qb3 Ne4 15. Nxe4 Bxe4 16. Rfe1 Bf6 17. Ne5 Bxe5 18. Bxe5 Qg5 19. Bg3 Rfe8 20. f3 1/2-1/2

[Event "Vila de Poblenou op"]
[Site "Vila de Poblenou, Barcelona"]
[Date "2001.08.16"]
[Round "1.15"]
[White "Rocabert Andreu, Guillem"]
[Black "Castells Pagan, Raul"]
[Result "1-0"]
[WhiteElo "2247"]
[BlackElo "1935"]
[PlyCount "37"]
[EventDate "2001.08.16"]
[Source "www.chesslib.no"]
[SourceDate "2004.05.04"]

1. c4 Nf6 2. Nc3 e5 3. Nf3 e4 4. Ng5 b5 5. d3 bxc4 6. Ngxe4 Nxe4 7. dxe4 Bb4 8. Bd2 Bb7 9. e3 O-O 10. Bxc4 Qh4 11. Be2 Bxc3 12. Bxc3 Bxe4 13. Qd4 f6 14. Bc4+ Kh8 15. Bd5 Re8 16. Bxa8 c6 17. O-O-O Re5 18. f3 c5 19. Qd6 1-0

[Event "BdF"]
[Site "?"]
[Date "1997.??.??"]
[Round "4"]
[White "Lorenz Maximilian"]
[Black "Doderer Harald"]
[Result "1/2-1/2"]
[WhiteElo "1980"]
[BlackElo "2175"]
[PlyCount "55"]
[EventDate "1997.??.??"]
[Source "www.chesslib.no"]
[SourceDate "2004.05.04"]

1. c4 e5 2. Nc3 Nf6 3. Nf3 e4 4. Ng5 b5 5. d3 bxc4 6. dxe4 Nc6 7. e3 h6 8. Nf3 Bb4 9. Bd2 O-O 10. Bxc4 Bxc3 11. Bxc3 Nxe4 12. O-O Nxc3 13. bxc3 Rb8 14. Rb1 Rb6 15. Qd5 Bb7 16. Rfd1 Ne7 17. Qh5 Be4 18. Rb4 d5 19. Bb3 Qb8 20. Rxb6 axb6 21. Nd2 Bg6 22. Qh4 Re8 23. c4 c6 24. cxd5 Nxd5 25. Bxd5 cxd5 26. Qd4 Qa8 27. Nf1 Qxa2 28. Qxb6 1/2-1/2

[Event "Caorle Open"]
[Site "Caorle ITA"]
[Date "1989.??.??"]
[Round "3"]
[White "Frasson, G."]
[Black "Galic, Zeljko"]
[Result "0-1"]
[WhiteElo "1900"]
[BlackElo "2200"]
[PlyCount "44"]
[EventDate "1989.07.??"]
[Source "www.chesslib.no"]
[SourceDate "2004.05.04"]

1. c4 e5 2. Nc3 Nf6 3. Nf3 e4 4. Ng5 b5 5. Ncxe4 bxc4 6. Nxf6+ Qxf6 7. d4 d5 8. Nf3 Bf5 9. e3 Bd6 10. Bd2 O-O 11. b3 cxb3 12. axb3 Nc6 13. Bb5 Ne7 14. Ba5 Be4 15. Bd3 Qg6 16. Bxe4 dxe4 17. Nh4 Qh6 18. g3 g5 19. Ng2 Qh3 20. O-O Nf5 21. Qe2 g4 22. Nf4 Bxf4 0-1

[Event "Corr"]
[Site "?"]
[Date "1999.03.26"]
[Round "?"]
[White "Kerndl Rainer"]
[Black "Efendiyev Enver Mikhaylovich"]
[Result "0-1"]
[WhiteElo "1985"]
[BlackElo "2100"]
[PlyCount "92"]
[EventDate "1999.??.??"]
[Source "www.chesslib.no"]
[SourceDate "2004.05.04"]

1. c4 e5 2. Nc3 Nf6 3. Nf3 e4 4. Ng5 b5 5. Nxb5 c6 6. Nc3 d5 7. cxd5 cxd5 8. d3 h6 9. Nh3 Nc6 10. e3 Bb4 11. Nf4 d4 12. exd4 Qxd4 13. Bd2 O-O 14. Be2 g5 15. a3 Ba5 16. Nh5 exd3 17. Nxf6+ Qxf6 18. Bxd3 Re8+ 19. Kf1 Bb7 20. h4 Bb6 21. Be1 Rad8 22. hxg5 Qxg5 23. Bd2 Rxd3 24. Bxg5 Rxd1+ 25. Rxd1 hxg5 26. b4 Nd4 27. a4 Rc8 28. a5 Ba6+ 29. Ke1 Rd8 30. Kd2 Bc7 31. Kc1 Be5 32. Rh5 Kf8 33. b5 Bb7 34. Kb1 Bf6 35. f3 Rc8 36. a6 Bxf3 37. gxf3 Rxc3 38. Rh6 Bg7 39. b6 Bxh6 40. bxa7 Rc8 41. Rxd4 Bg7 42. Rd7 Be5 43. Ka2 Kg7 44. Kb3 Bf4 45. Re7 Kf6 46. Rb7 Ra8 0-1

[Event "CM.2000.0.00102"]
[Site "?"]
[Date "2000.??.??"]
[Round "?"]
[White "Euler Wilfrid"]
[Black "Kaufmann Michael"]
[Result "0-1"]
[WhiteElo "2070"]
[BlackElo "2005"]
[PlyCount "63"]
[EventDate "2000.??.??"]
[Source "www.chesslib.no"]
[SourceDate "2004.05.04"]

1. c4 Nf6 2. Nc3 e5 3. Nf3 e4 4. Ng5 b5 5. d3 exd3 6. cxb5 h6 7. Nf3 dxe2 8. Bxe2 Bb7 9. O-O Bc5 10. Nd4 Bxd4 11. Qxd4 O-O 12. b4 d6 13. Bb2 Nbd7 14. f4 Re8 15. Bf3 Bxf3 16. Rxf3 Qb8 17. Nd5 Qb7 18. Nxf6+ Nxf6 19. Rg3 Re6 20. f5 Re5 21. Qd3 Rae8 22. Bxe5 Rxe5 23. a4 Qb6+ 24. Kf1 a6 25. bxa6 Qxb4 26. Rb1 Qxa4 27. Kg1 Rd5 28. Qf1 Ra5 29. Rgb3 Rxa6 30. Rb8+ Kh7 31. Rf8 Ne4 32. Rbb8 0-1

[Event "PKGT"]
[Site "PKGT"]
[Date "1994.??.??"]
[Round "?"]
[White "Houdek, Vladimir"]
[Black "Thoma, Theo"]
[Result "0-1"]
[WhiteElo "2190"]
[BlackElo "1865"]
[PlyCount "32"]
[EventDate "1994.??.??"]
[Source "www.chesslib.no"]
[SourceDate "2004.05.04"]

1. c4 e5 2. Nc3 Nf6 3. Nf3 e4 4. Ng5 b5 5. d3 bxc4 6. dxe4 h6 7. Nxf7 Kxf7 8. e5 c6 9. exf6 Qxf6 10. e4 d5 11. Nxd5 cxd5 12. Qxd5+ Kg6 13. Qxa8 Bb4+ 14. Ke2 Ba6 15. Qd5 c3+ 16. Ke3 Qb6+ 0-1

[Event "It (Open)"]
[Site "?"]
[Date "2005.08.16"]
[Round "3"]
[White "Maslov Zeljko"]
[Black "Lovric Marko"]
[Result "1/2-1/2"]
[WhiteElo "2013"]
[BlackElo "2003"]
[PlyCount "32"]
[EventDate "2005.??.??"]
[Source "www.chesslib.no"]
[SourceDate "2004.05.04"]

1. c4 e5 2. Nc3 Nf6 3. Nf3 e4 4. Ng5 b5 5. cxb5 d5 6. d3 h6 7. Nh3 Bf5 8. dxe4 Bxe4 9. Nxe4 Nxe4 10. Qb3 c6 11. bxc6 Nxc6 12. f3 Qa5+ 13. Kd1 Rd8 14. Qb7 Qa4+ 15. Qb3 Qa5 16. Qb7 Qa4+ 1/2-1/2

[Event "IRL Ch"]
[Site "?"]
[Date "2005.07.14"]
[Round "6"]
[White "Palmer Bernard"]
[Black "Murray David"]
[Result "0-1"]
[WhiteElo "2018"]
[BlackElo "1985"]
[PlyCount "64"]
[EventDate "2005.??.??"]
[Source "www.chesslib.no"]
[SourceDate "2004.05.04"]

1. c4 e5 2. Nc3 Nf6 3. Nf3 e4 4. Ng5 b5 5. Nxb5 h6 6. Nh3 c6 7. Nc3 d5 8. d3 exd3 9. exd3 Bb4 10. Bd2 O-O 11. Be2 Re8 12. O-O Bf5 13. Nf4 g5 14. Nh3 Qd7 15. f4 Bc5+ 16. Kh1 g4 17. Nf2 h5 18. Na4 Bf8 19. c5 d4 20. Re1 Na6 21. Qc2 Qd5 22. b4 Nc7 23. Bf1 h4 24. Kg1 Bh6 25. Nb2 g3 26. Rxe8+ Ncxe8 27. Nh3 Bxh3 28. gxh3 Qf3 29. Be1 Bxf4 30. Bg2 Qe3+ 31. Kf1 gxh2 32. Bf2 Qxh3 0-1

[Event "Corr"]
[Site "?"]
[Date "2004.09.30"]
[Round "?"]
[White "Purvis Brian"]
[Black "Tew Paul"]
[Result "0-1"]
[WhiteElo "1943"]
[BlackElo "2053"]
[PlyCount "66"]
[EventDate "2004.??.??"]
[Source "www.chesslib.no"]
[SourceDate "2004.05.04"]

1. c4 e5 2. Nc3 Nf6 3. Nf3 e4 4. Ng5 b5 5. Ngxe4 Nxe4 6. Nxe4 bxc4 7. Qc2 d5 8. Ng3 Bc5 9. e4 O-O 10. exd5 Qxd5 11. Qxc4 Re8+ 12. Kd1 Qc6 13. f3 Ba6 14. Qc3 Qd5 15. Qb3 Qd7 16. Ne4 Bxf1 17. Rxf1 Bd4 18. Rb1 Nc6 19. Qa4 Re6 20. b4 Rae8 21. Rb3 Bb6 22. Rc3 Qd5 23. Nc5 R6e7 24. Qb5 a5 25. a3 Qg5 26. g3 axb4 27. axb4 Qh6 28. Rh1 Nd4 29. Qf1 Bxc5 30. bxc5 Ne2 31. Rc4 Qa6 32. d3 Qa2 33. Rc2 Nc3+ 0-1

[Event "Corr"]
[Site "?"]
[Date "2004.09.19"]
[Round "?"]
[White "Koolsbergen Nico"]
[Black "Tew Paul"]
[Result "0-1"]
[WhiteElo "1979"]
[BlackElo "1992"]
[PlyCount "74"]
[EventDate "2004.??.??"]
[Source "www.chesslib.no"]
[SourceDate "2004.05.04"]

1. c4 e5 2. Nc3 Nf6 3. Nf3 e4 4. Ng5 b5 5. d3 bxc4 6. dxe4 h6 7. Nxf7 Kxf7 8. e5 c6 9. exf6 Qxf6 10. e4 Bb4 11. Bd2 d5 12. Nxd5 Bxd2+ 13. Qxd2 cxd5 14. Qxd5+ Kg6 15. Bxc4 Nc6 16. O-O Rd8 17. Qc5 Kh7 18. Bd5 Bd7 19. b4 Rac8 20. f4 Qd4+ 21. Qxd4 Nxd4 22. Rf2 Bb5 23. h3 Bc4 24. Bxc4 Rxc4 25. Rb1 Rb8 26. e5 Rcxb4 27. Rxb4 Rxb4 28. g4 Rb1+ 29. Kg2 Re1 30. Rd2 Re4 31. Kf2 g6 32. Kg3 a5 33. h4 h5 34. Rd3 Kg7 35. a3 Kf7 36. gxh5 gxh5 37. Rd1 Ke6 0-1

[Event "Corr"]
[Site "?"]
[Date "2004.03.09"]
[Round "?"]
[White "Koolsbergen Nico"]
[Black "Tew Paul"]
[Result "0-1"]
[WhiteElo "1958"]
[BlackElo "1974"]
[PlyCount "56"]
[EventDate "2004.??.??"]
[Source "www.chesslib.no"]
[SourceDate "2004.05.04"]

1. c4 e5 2. Nc3 Nf6 3. Nf3 e4 4. Ng5 b5 5. d3 Bb4 6. cxb5 O-O 7. Ngxe4 Nxe4 8. dxe4 Bb7 9. Qd4 c5 10. bxc6 Nxc6 11. Qe3 d5 12. exd5 Qxd5 13. Bd2 Qd7 14. a3 Rfe8 15. Qf4 Nd4 16. Rc1 Bxg2 17. Be3 Bxc3+ 18. Rxc3 Bxh1 19. Qxd4 Qb5 20. Rc5 Qb3 21. Rg5 g6 22. Qc3 Qxc3+ 23. bxc3 Rab8 24. Rg1 Bd5 25. Bxa7 Rb1+ 26. Kd2 Bc4 27. f3 Rb2+ 28. Kc1 Ra2 0-1

[Event "Corr"]
[Site "?"]
[Date "2004.01.31"]
[Round "?"]
[White "Koolsbergen Nico"]
[Black "Tew Paul"]
[Result "0-1"]
[WhiteElo "1952"]
[BlackElo "1963"]
[PlyCount "66"]
[EventDate "2004.??.??"]
[Source "www.chesslib.no"]
[SourceDate "2004.05.04"]

1. c4 e5 2. Nc3 Nf6 3. Nf3 e4 4. Ng5 b5 5. d3 Bb4 6. cxb5 O-O 7. Ngxe4 Nxe4 8. dxe4 Bb7 9. e5 c6 10. Qd3 Re8 11. Bf4 Bxc3+ 12. bxc3 Qa5 13. Qg3 cxb5 14. Bh6 g6 15. Bd2 Na6 16. f3 Qa3 17. e4 Nc5 18. Rc1 Qxa2 19. Be3 Nb3 20. Rd1 Qc2 21. Bd4 Nxd4 22. cxd4 Qc3+ 23. Kf2 b4 24. Qg5 a5 25. Bb5 Bc6 26. Rd3 Qb2+ 27. Rd2 Qa3 28. Rd3 b3 29. Bc4 a4 30. Qf6 Qf8 31. Rc1 Rec8 32. Rdc3 b2 33. Rb1 a3 0-1

[Event "Schwarzacher XIX Open B"]
[Site "?"]
[Date "2004.08.28"]
[Round "8.1"]
[White "Giessmann Andreas"]
[Black "Kaczmarczyk Dennis"]
[Result "1/2-1/2"]
[WhiteElo "1993"]
[BlackElo "1889"]
[PlyCount "137"]
[EventDate "2004.??.??"]
[Source "www.chesslib.no"]
[SourceDate "2004.05.04"]

1. c4 e5 2. Nc3 Nf6 3. Nf3 e4 4. Ng5 b5 5. d3 exd3 6. exd3 Bb7 7. Be3 h6 8. Nf3 Bb4 9. Qb3 Bxc3+ 10. bxc3 O-O 11. Qxb5 Bxf3 12. gxf3 c6 13. Qa4 Re8 14. Kd2 d5 15. Rg1 Kh8 16. Be2 Nbd7 17. cxd5 Nxd5 18. Qg4 Qf6 19. d4 Rad8 20. Bd3 N7b6 21. a4 Nxe3 22. fxe3 Nd5 23. Be4 Re7 24. Kd3 Rc7 25. Qf5 Qxf5 26. Bxf5 c5 27. Be4 cxd4 28. Bxd5 Rxd5 29. exd4 Rh5 30. Rg2 Rh3 31. Raa2 Rxf3+ 32. Ke4 Rcxc3 33. Rgd2 Rfe3+ 34. Kd5 Kg8 35. Rab2 Kf8 36. Rb7 Re7 37. Rdb2 Re8 38. Rd7 Rcc8 39. Rbb7 Red8 40. Rxa7 Ra8 41. Rxd8+ Rxd8+ 42. Kc5 Rc8+ 43. Kd6 Rd8+ 44. Rd7 Ra8 45. d5 Ra6+ 46. Kc5 Rxa4 47. Rb7 Ra2 48. Kd6 g5 49. Rb8+ Kg7 50. Rb4 Rxh2 51. Rd4 Kg6 52. Ke7 Ra2 53. d6 f5 54. Ke6 Ra8 55. d7 Rd8 56. Ke5 f4 57. Rd6+ Kh5 58. Kf5 f3 59. Rd3 g4 60. Kf4 f2 61. Rd1 Rxd7 62. Rh1+ Kg6 63. Kxg4 Rf7 64. Rf1 h5+ 65. Kg3 Kg5 66. Rxf2 h4+ 67. Kg2 h3+ 68. Kg1 Rxf2 69. Kxf2 1/2-1/2

[Event "Corr"]
[Site "?"]
[Date "1998.05.09"]
[Round "?"]
[White "Loeschnauer Ruediger"]
[Black "Nagley Tim"]
[Result "1-0"]
[WhiteElo "1875"]
[BlackElo "1870"]
[PlyCount "107"]
[EventDate "1998.??.??"]
[Source "www.chesslib.no"]
[SourceDate "2004.05.04"]

1. c4 e5 2. Nc3 Nf6 3. Nf3 e4 4. Ng5 b5 5. d3 bxc4 6. dxe4 h6 7. Nxf7 Kxf7 8. e5 c6 9. exf6 Qxf6 10. e4 d5 11. exd5 Bb4 12. Bd2 Re8+ 13. Be2 Bg4 14. O-O Bxe2 15. Nxe2 Na6 16. Bc3 Qd6 17. Qd4 Bxc3 18. Nxc3 Nc7 19. Qxc4 cxd5 20. Qd4 Reb8 21. b3 Rb4 22. Qd3 Rd8 23. Rac1 Ne6 24. Rfd1 Nf4 25. Qf3 Qf6 26. Kh1 g6 27. Ne2 Re4 28. Rc7+ Kg8 29. Nc3 Qe5 30. Qxe4 Qxc7 31. Qd4 Qf7 32. Nb5 Rb8 33. Nd6 Qf8 34. g3 Qxd6 35. gxf4 Rb4 36. Qxa7 Rxf4 37. Qa8+ Kg7 38. Qxd5 Qxd5+ 39. Rxd5 Rxf2 40. a4 Rb2 41. Rb5 Ra2 42. a5 Kf7 43. b4 Kf6 44. h4 g5 45. hxg5+ hxg5 46. Rb6+ Kf5 47. a6 Kf4 48. Kg1 Kg3 49. Kf1 g4 50. b5 Kf3 51. Rf6+ Kg3 52. Rf7 Ra1+ 53. Ke2 Kh2 54. Rh7+ 1-0

[Event "Corr"]
[Site "?"]
[Date "1999.02.15"]
[Round "?"]
[White "Koolsbergen Nico"]
[Black "Nagley Tim"]
[Result "1/2-1/2"]
[WhiteElo "1849"]
[BlackElo "1892"]
[PlyCount "64"]
[EventDate "1999.??.??"]
[Source "www.chesslib.no"]
[SourceDate "2004.05.04"]

1. c4 e5 2. Nc3 Nf6 3. Nf3 e4 4. Ng5 b5 5. d3 bxc4 6. dxe4 h6 7. Nxf7 Kxf7 8. e5 c6 9. exf6 Qxf6 10. e4 Bb4 11. Bd2 Qe6 12. Qf3+ Kg8 13. Be2 Na6 14. O-O Nc5 15. Rad1 Kh7 16. Nb1 a5 17. a3 Bxd2 18. Nxd2 Ba6 19. Qe3 Na4 20. Bxc4 Bxc4 21. Nxc4 Qxc4 22. b3 Qc5 23. bxa4 Qxe3 24. fxe3 Ra7 25. Rf5 Re8 26. e5 Rb7 27. Kf2 Re7 28. Rd6 Rb3 29. e6 Rxe6 30. Rxe6 dxe6 31. Rxa5 Rxa3 32. Ra6 c5 1/2-1/2

[Event "Wichern op 5th"]
[Site "?"]
[Date "1999.10.22"]
[Round "9"]
[White "Polenske Kai"]
[Black "Becker Thomas2"]
[Result "1-0"]
[WhiteElo "1786"]
[BlackElo "1935"]
[PlyCount "91"]
[EventDate "1999.??.??"]
[Source "www.chesslib.no"]
[SourceDate "2004.05.04"]

1. c4 e5 2. Nc3 Nf6 3. Nf3 e4 4. Ng5 b5 5. cxb5 d5 6. d3 h6 7. Nh3 Bxh3 8. gxh3 Nbd7 9. dxe4 dxe4 10. Bg2 Rb8 11. Be3 Bc5 12. Bxc5 Nxc5 13. Qxd8+ Kxd8 14. O-O-O+ Kc8 15. Rd4 Ne6 16. Ra4 Nf4 17. Bxe4 Nxe4 18. Rxe4 Nxh3 19. Re7 Rf8 20. Rd1 Ng5 21. f4 Ne6 22. f5 Nd8 23. Rdd7 Rb7 24. a4 g6 25. f6 c6 26. Rxb7 Nxb7 27. bxc6 Nd8 28. Rxa7 Nxc6 29. Ra8+ Nb8 30. Ne4 Kb7 31. Ra5 Nc6 32. Rb5+ Kc7 33. Rc5 Kb6 34. Rd5 Re8 35. Nc3 Re6 36. Rb5+ Ka7 37. Rd5 Rxf6 38. Rd7+ Ka6 39. Nd5 Rf1+ 40. Kd2 Ne5 41. Rc7 Ra1 42. b4 Rxa4 43. Re7 Ra2+ 44. Ke3 Ng4+ 45. Kf4 Nxh2 46. b5+ 1-0

[Event "Corr"]
[Site "?"]
[Date "1999.08.12"]
[Round "?"]
[White "Kulczycki Michael"]
[Black "Olsson Peter"]
[Result "1-0"]
[WhiteElo "1851"]
[BlackElo "1806"]
[PlyCount "53"]
[EventDate "1999.??.??"]
[Source "www.chesslib.no"]
[SourceDate "2004.05.04"]

1. c4 e5 2. Nc3 Nf6 3. Nf3 e4 4. Ng5 b5 5. d3 bxc4 6. dxe4 Nc6 7. e3 Bb4 8. Bxc4 O-O 9. O-O h6 10. Nf3 Bxc3 11. bxc3 Nxe4 12. Qc2 d5 13. Rd1 Be6 14. Ba3 Re8 15. Bb5 Bd7 16. Rxd5 Qc8 17. Rxd7 Qxd7 18. Qa4 Rab8 19. Bxc6 Qd3 20. Ne1 Rb1 21. Rxb1 Qxb1 22. Kf1 Nd2+ 23. Ke2 Rd8 24. Be7 Rb8 25. Kxd2 Rb2+ 26. Nc2 Rxa2 27. Qe4 1-0

[Event "Ellwangen (07.04.-15.04)"]
[Site "?"]
[Date "1995.??.??"]
[Round "4"]
[White "Falke Karl"]
[Black "Schwarz Albrecht"]
[Result "1-0"]
[WhiteElo "1838"]
[BlackElo "1770"]
[PlyCount "43"]
[EventDate "1995.??.??"]
[Source "www.chesslib.no"]
[SourceDate "2004.05.04"]

1. c4 e5 2. Nc3 Nf6 3. Nf3 e4 4. Ng5 b5 5. Ngxe4 bxc4 6. e3 Bb7 7. Qc2 d5 8. Nxf6+ Qxf6 9. b3 Na6 10. Bb2 d4 11. Nb5 c3 12. dxc3 dxe3 13. fxe3 Bc5 14. Nd4 Qg5 15. Qf2 O-O 16. h4 Qe5 17. O-O-O Rae8 18. Rh3 Bxd4 19. Rxd4 Nc5 20. Bd3 Qxd4 21. exd4 Nxd3+ 22. Rxd3 1-0

[Event "AUS-chJ"]
[Site "Camberra"]
[Date "2001.01.18"]
[Round "7.10"]
[White "Taylor, Leon"]
[Black "McPhee, Benjamin"]
[Result "1-0"]
[WhiteElo "1809"]
[BlackElo "1489"]
[PlyCount "121"]
[EventDate "2001.01.??"]
[Source "www.chesslib.no"]
[SourceDate "2004.05.04"]

1. c4 e5 2. Nc3 Nf6 3. Nf3 e4 4. Ng5 b5 5. Nxb5 c6 6. Nc3 d5 7. cxd5 cxd5 8. g3 Nc6 9. Bg2 Bc5 10. O-O Bb6 11. d3 h6 12. Nh3 Bxh3 13. Bxh3 O-O 14. dxe4 dxe4 15. Qa4 Qe8 16. Bg2 Nd4 17. Qxe8 Rfxe8 18. e3 Nc2 19. Rb1 Nb4 20. Rd1 Rad8 21. Rxd8 Rxd8 22. a3 Nc6 23. Bxe4 Nxe4 24. Nxe4 Rd1+ 25. Kg2 Ne5 26. Nc3 Rd3 27. Ne2 Rd1 28. Nc3 Rd3 29. Kf1 Ba5 30. f4 Bxc3 31. bxc3 Nc4 32. Ke2 Rxc3 33. a4 Nd6 34. Rb8+ Kh7 35. Bd2 Ra3 36. Bb4 Ra2+ 37. Kd3 Nf5 38. Ke4 g6 39. g4 Rxa4 40. gxf5 a5 41. fxg6+ Kxg6 42. Rb6+ f6 43. Kd4 axb4 44. e4 b3+ 45. Kd5 Ra5+ 46. Ke6 Ra4 47. f5+ Kg5 48. e5 fxe5 49. f6 b2 50. f7 Ra6 51. h4+ Kxh4 52. Rxa6 b1=Q 53. f8=Q Qg6+ 54. Qf6+ Qxf6+ 55. Kxf6 Kg4 56. Kxe5 h5 57. Ke4 h4 58. Rg6+ Kh3 59. Kf3 Kh2 60. Kg4 h3 61. Rh6 1-0

[Event "Corr"]
[Site "?"]
[Date "1998.??.??"]
[Round "?"]
[White "Queiroz Jose"]
[Black "Geib Steven"]
[Result "1-0"]
[WhiteElo "1700"]
[BlackElo "1382"]
[PlyCount "79"]
[EventDate "1998.??.??"]
[Source "www.chesslib.no"]
[SourceDate "2004.05.04"]

1. c4 e5 2. Nc3 Nf6 3. Nf3 e4 4. Ng5 b5 5. d3 bxc4 6. dxe4 Qe7 7. e3 Nc6 8. Bxc4 Ne5 9. Be2 Bb7 10. f4 Ng6 11. Bc4 d5 12. Qa4+ Qd7 13. Qxd7+ Kxd7 14. Nxd5 Nxd5 15. exd5 f5 16. O-O Bc5 17. Ne6 Bb6 18. Nxg7 Nh4 19. g3 Rhg8 20. Nh5 Raf8 21. Bd2 a5 22. Kf2 Ng6 23. d6 Kxd6 24. Bxg8 Rxg8 25. Rfd1 Ne7 26. Nf6 Ra8 27. Bxa5+ Nd5 28. Bxb6 cxb6 29. g4 Rf8 30. g5 Rc8 31. Rxd5+ Bxd5 32. Rd1 Rc2+ 33. Kg3 Rg2+ 34. Kh3 Rxb2 35. Rxd5+ Kc6 36. Rxf5 Rxa2 37. Nxh7 b5 38. g6 Ra7 39. Rf7 Ra1 40. g7 1-0